=LDR 00000nam 2200000 4500 =001 INLIS000000000007827 =005 20190319011438 =035 ##$$a 0010-061300000007827 =008 190319###########################0#ind## =041 ##$$a Ind =082 ##$$a 355.03 =090 ##$$a 355.03, Nur s =100 ##$$a Nur, Rivai =245 1#$$a Saatnya militer keluar dari kancah politik, /$c Rivai Nur, Iskandar Siregar, Abdul Kholik =260 ##$$a Jakarta :$b PSPK,$c 2000 =300 ##$$a iv, 118 hlm, ; $c 21 cm =650 ##$$a Militer-politik =020 ##$$a 979-95911-3-9 =084 ##$$a 355.03 NUR s =710 ##$$a Siregar, Iskandar =990 ##$$a 166.143/Hd.2001 =990 ##$$a 166.144/Hd.2001 =990 ##$$a 166.146/Hd.2001 =990 ##$$a 166.539/Hd.2001